000 00241nam a22000977a 4500
999 _c17855
_d17855
008 190215b xxu||||| |||| 00| 0 eng d
100 _aPatrick Mukabi
245 _aParents
_bStarting a fresh
_cBetty Kyallo
300 _a60p.
942 _2lcc
_cPER